00800nam a22002057a 4500999001900000005001700019010001300036020002600049035001300075037000900088082001100097100001800108245004400126260003800170270011500208300002300323500006700346942002500413952015600438 c181844d18184420211007110949.0 aB-741710 a9789353793128c450.00 aB-741710 aGift a882.08 aRakesh Ranjan aM.E.G.-2,British Drama /cRakesh Ranjan a DelhibNeeraj Publicationsc202? a1507,Ist Floor,Nai Sarakb Delhie110006k011-23260329,45704411, 23244362, 23285501minfo@neerajignoubooks.com a344p. c24cm(pbk)  aI.G.N.O.U. Based Queation Bank Cum Chapterwise Reference Book 2ddccENmRAKh882.08 001040708NFICaAVbAVd2021-10-07eGift/4.10.2021g450.00l2o882.08 RAKpB-741710r2026-02-18 00:00:00s2026-02-10t1v450.00w2021-10-07yENzGift